000 01956nam0a2200409 4500
001 RU\NLR\BIBL_A\022716700
005 20260426072536.0
010 _a978-5-377-22506-5
_95000
021 _aRU
_bКН-П-25-077555
_9КН-П-25-7521
035 _a(NLR Aleph) 022716700
090 _a13692884
_c13692884
100 _a20260203d2026 c y0rusy50 ca
101 0 _arus
102 _aRU
105 _ay|||j|||000yy
181 0 _ai4
_baxxe
182 0 _an
200 1 _aДиктанты по русскому языку
_eк учебнику В. П. Канакиной, В. Г. Горецкого "Русский язык. 2 класс. В 2-х частях" (М.: Просвещение)
_e2 класс
_fЕ. В. Языканова, Е. И. Савостьянова
203 _aТекст
_bвизуальный
_cнепосредственный
205 _aИзд. 5-е, перераб. и доп.
210 _aМосква
_cЭкзамен
_d2026 [т. е. 2025]
215 _a79 с.
_d21
225 1 _aУчебно-методический комплект
225 1 _aНовый ФГОС к новому учебнику
225 1 _aРусский язык
225 1 _aУМК
300 _aКн. фактически изд. в 2025 г.
606 1 _aРусский язык
_jРуководства, пособия и т.п
_xДиктанты
_xМетодика
_xНачальная школа
_91533232
_3RU\NLR\AUTH\66969170
606 1 _aРусский язык
_jУчебные издания для начальной школы
_91533567
_3RU\NLR\AUTH\66969347
686 1 _aЧ426.131(2)53-254.11,01я7
686 3 _aШ141.12-922.1[2]
700 1 _aЯзыканова
_bЕ. В.
_gЕлена Вячеславовна
701 1 _aСавостьянова
_bЕ. И.
_gЕлена Ивановна
942 _cBOOK
980 _aNB